|
|
|
|
| LEADER |
01076nam a2200229 i 4500 |
| 003 |
GR-PaULI |
| 005 |
20220125115152.0 |
| 008 |
201007s2018 gr a|||g b||| 00| 0dgre d |
| 952 |
|
|
|0 0
|1 0
|2 ddc
|4 0
|6 791_430000000000000_233_092_ΚΟΥ
|7 0
|9 244299
|a THST
|b THST
|d 2020-10-07
|i 015529
|l 1
|o 791.430 233 092 ΚΟΥ
|p 025000266883
|r 2021-12-17 00:00:00
|s 2021-12-10
|t 1
|v 2020.00
|w 2020-10-07
|y BK15
|
| 999 |
|
|
|c 147418
|d 147418
|
| 020 |
|
|
|a 9786185289218
|
| 040 |
|
|
|a GR-PaULI
|b gre
|c GR-PaULI
|e AACR2
|
| 082 |
0 |
4 |
|2 23
|a 791.430 233 092
|
| 100 |
1 |
|
|a Σπάρταλης, Αγγελος
|e συγγραφέας
|9 183568
|
| 245 |
1 |
0 |
|a Μέρες με τον Νίκο /
|c τού Άγγελου Σπάτραλη.
|
| 260 |
|
|
|a Θεσσαλονίκη :
|b Ροπή,
|c 2018.
|
| 300 |
|
|
|a 325 σ. :
|b εικ. ;
|c 24 εκ.
|
| 504 |
|
|
|6 Περιλαμβάνει βιβλιογραφία.
|
| 600 |
1 |
4 |
|a Κούνδουρος, Νίκος,
|d 1926-2017.
|9 102035
|
| 650 |
|
4 |
|9 25060
|a Κινηματογράφος
|x Παραγωγοί και σκηνοθέτες
|z Ελλάδα
|
| 942 |
|
|
|2 ddc
|c BK15
|
| 998 |
|
|
|c ΜΑΝΙΑ
|d 2020-10
|